Statistiques concernant Les capitales des pays frontaliers du Brésil

Cliquez ici pour prendre le quiz!

Statistiques générales

  • Ce quiz a été pris 34 fois
  • Le résultat moyen est 8 sur 10

Statistiques - réponses

Réponse% Correct
Buenos Aires
100%
Lima
94%
Bogota
87%
Caracas
84%
Montevideo
84%
Asunción
81%
La Paz
74%
Paramaribo
61%
Cayenne
52%
Georgetown
52%

Distribution des résultats

Percentile par nombre de réponses

% des personnes avec chaque résultat

Votre développement - résultats

Vous n’avez pas pris ce quiz